[Event "V Magistral Marcel Duchamp 2019"]
[Site "Montevideo"]
[Date "2019.02.20"]
[Round "5.5"]
[White "Carbone, Diego"]
[Black "Lopez Azambuja, Nicolas"]
[Result "1/2-1/2"]
[WhiteElo "2256"]
[BlackElo "2320"]
[Annotator "NA RC"]
[PlyCount "107"]
[EventDate "2019.02.17"]
[EventType "tourn"]
[EventCountry "URU"]
[SourceTitle "playchess.com"]
[Source "ChessBase"]
[SourceQuality "1"]
[TimeControl "5400+30"]

1. d4 {[%emt 0:00:00]} Nf6 {[%emt 0:00:00]} 2. c4 {[%emt 0:00:00]} e6 {[%emt 0:00:00]} 3. g3 {[%emt 0:00:00]} Bb4+ {[%emt 0:00:10]} 4. Bd2 {[%emt 0:00:05]} c5 {[%emt 0:00:10]} 5. Bxb4 cxb4 {[%emt 0:00:31]} 6. Bg2 {[%emt 0:00:30]} O-O {[%emt 0:00:13]} 7. e4 {[%emt 0:00:29]} d6 {[%emt 0:00:22]} 8. Ne2 {[%emt 0:00:07]} e5 {[%emt 0:00:22]} 9. a3 {[%emt 0:00:33]} Qb6 {[%emt 0:00:31]} 10. O-O {[%emt 0:15:51]} a5 {[%emt 0:00:25]} 11. axb4 {[%emt 0:03:20]} Qxb4 {[%emt 0:00:18]} 12. Na3 {[%emt 0:01:23]} Bg4 {[%emt 0:02:16]} 13. f3 {[%emt 0:14:52]} Bd7 {[%emt 0:01:16]} 14. Qd3 {[%emt 0:00:38]} Nc6 {[%emt 0:10:31]} 15. h3 {[%emt 0:21:29]} exd4 {[%emt 0:26:36]} 16. f4 {[%emt 0:00:06]} Qc5 {[%emt 0:01:39]} 17. Rad1 {[%emt 0:02:42]} Rfe8 {[%emt 0:19:35]} 18. Kh2 {[%emt 0:00:07]} Qh5 {[%emt 0:03:41]} 19. Nc2 {[%emt 0:16:29]} Bf5 {[%emt 0:21:55]} 20. g4 {[%emt 0:09:32]} Bxg4 {[%emt 0:01:46]} 21. Ng3 {[%emt 0:00:05]} Qh4 {[%emt 0:00:50]} 22. Rde1 {[%emt 0:00:05]} Be6 {[%emt 0:01:41]} 23. Rf3 {[%emt 0:05:39]} Rac8 {[%emt 0:02:01]} 24. b3 {[%emt 0:01:45]} Ng4+ {[%emt 0:01:01]} 25. Kg1 {[%emt 0:00:36]} Nf6 {[%emt 0:00:12]} 26. Kh2 {[%emt 0:03:40]} g5 {[%emt 0:00:28]} 27. e5 {[%emt 0:02:54]} dxe5 {[%emt 0:01:18]} 28. fxg5 {[%emt 0:00:29]} Nh5 {[%emt 0:00:58]} 29. Nxh5 {[%emt 0:00:32]} Qxh5 {[%emt 0:00:03]} 30. Rg3 {[%emt 0:00:14]} Kh8 {[%emt 0:01:46]} 31. Bf3 {[%emt 0:00:28]} Qh4 {[%emt 0:00:15]} 32. Be4 {[%emt 0:00:38]} Rg8 {[%emt 0:00:16]} 33. Reg1 {[%emt 0:00:05]} Rg7 {[%emt 0:00:16]} 34. Ne1 {[%emt 0:00:25]} Qf4 {[%emt 0:00:28]} 35. Ng2 {[%emt 0:01:00]} Qf2 {[%emt 0:00:20]} 36. Rf1 {[%emt 0:00:26]} Qb2 {[%emt 0:00:09]} 37. Bxc6 {[%emt 0:00:37]} bxc6 {[%emt 0:00:12]} 38. Qe4 {[%emt 0:00:12]} d3 {[%emt 0:00:37]} 39. Qxd3 {[%emt 0:00:30]} Qd4 {[%emt 0:00:31]} 40. Qe2 {[%emt 0:00:17]} e4 {[%emt 0:00:30]} 41. Rf4 {[%emt 0:00:21]} f5 {[%emt 0:01:00]} 42. gxf6 {[%emt 0:00:49]} Rxg3 {[%emt 0:00:04]} 43. Kxg3 {[%emt 0:00:22]} Rg8+ {[%emt 0:00:42]} 44. Kh2 {[%emt 0:00:37]} Qc3 {[%emt 0:00:27]} 45. f7 {[%emt 0:00:59]} Rf8 {[%emt 0:01:17]} 46. Qxe4 {[%emt 0:00:27]} Qxh3+ {[%emt 0:00:27]} 47. Kg1 {[%emt 0:00:05]} Rxf7 {[%emt 0:00:27]} 48. Rxf7 {[%emt 0:00:54]} Bxf7 {[%emt 0:00:05]} 49. Qxc6 {[%emt 0:00:25]} Qxb3 {[%emt 0:00:21]} 50. Qf6+ {[%emt 0:00:22]} Kg8 {[%emt 0:00:31]} 51. Qd8+ {[%emt 0:00:05]} Kg7 {[%emt 0:00:06]} 52. Qg5+ {[%emt 0:00:04]} Kf8 {[%emt 0:01:22]} 53. Qd8+ {[%emt 0:00:19]} Kg7 {[%emt 0:01:24]} 54. Qg5+ {[%emt 0:00:05]} 1/2-1/2

[Event "V Magistral Marcel Duchamp 2019"]
[Site "Montevideo"]
[Date "2019.02.21"]
[Round "6.1"]
[White "Tristan, Leonardo"]
[Black "Lopez Azambuja, Nicolas"]
[Result "1/2-1/2"]
[WhiteElo "2493"]
[BlackElo "2320"]
[Annotator "TA"]
[PlyCount "94"]
[EventDate "2019.02.17"]
[EventType "tourn"]
[EventCountry "URU"]
[SourceTitle "playchess.com"]
[Source "ChessBase"]
[SourceQuality "1"]

{[%evp 9,94,6,25,32,30,15,31,11,5,10,26,25,49,41,51,38,87,83,104,60,81,91,166,157,158,154,170,188,167,143,184,133,131,102,102,95,98,93,200,193,197,197,188,195,191,165,162,81,79,77,77,79,77,70,67,43,44,34,149,160,476,460,445,395,551,564,561,561,564,564,509,509,477,0,0,0,0,0,0,0,0,0,0,0,0,0,0]} 1. e4 e6 2. d4 d5 3. exd5 exd5 4. Nf3 Nf6 5. Bd3 c5 6. O-O {C01: French: Exchange Variation} c4 7. Be2 (7. Re1+ Be7 8. Be2 O-O 9. b3 cxb3 10. axb3 Nc6 11. c3 Re8 12. Nbd2 Bd6 13. Bd3 Bg4 14. Rxe8+ Qxe8 {0-1 (52) Fontaine,R (2563)-Carlsen,M (2834) chess.com INT 2018}) 7... Nc6 8. b3 {White is slightly better.} cxb3 9. axb3 Be7 10. Ne5 Qb6 $146 ({Predecessor:} 10... O-O 11. Nxc6 bxc6 12. Bf4 Re8 13. Nc3 {½-½ (25) Hollan,P (2292)-Livaic,L (2444) Prague 2016}) 11. Be3 $36 {[%mdl 2048] White has some pressure.} O-O 12. c4 Nb4 13. c5 Qd8 14. Ra4 Nc6 15. Nc3 Be6 (15... a5 $16) 16. Nxc6 $18 bxc6 17. b4 Ne4 18. Nxe4 dxe4 19. Ra6 Bd5 20. Qa4 ({Better is} 20. b5 $18) 20... f5 $16 {White should prevent ...f4.} 21. f4 exf3 22. Bxf3 f4 23. Bf2 Bxf3 (23... Rc8 $16 {keeps fighting.}) 24. gxf3 $18 Rf6 25. Rxc6 Qd5 26. Rxf6 Bxf6 27. Rb1 Bxd4 {[#]} 28. Qb3 (28. Rd1 $1 $18 {[%cal Rd1d4]} Bxf2+ 29. Kxf2) 28... Bxf2+ $16 29. Kxf2 Qxb3 30. Rxb3 {[%mdl 4096] Endgame KR-KR} Kf7 31. Rd3 Ke6 32. Rd4 g5 33. Ke2 Rc8 (33... Rf8 $14) 34. Kd3 a5 $2 (34... h5 $16 35. Kc4 Rf8) 35. bxa5 $18 {[%cal Bb4a5,Ba5a6][%mdl 32]} Rxc5 36. Ra4 Rc7 37. a6 {a7 is the strong threat.} Ra7 38. Ke4 Kf6 39. h4 h6 {[#]} 40. h5 $1 Ke6 {intending ...Kd6.} 41. Kd4 $2 ({White should play} 41. Ra5 $18 {And now Ra2 would win.} Ke7 42. Kf5) 41... Kd6 $11 {The position is equal.} 42. Ke4 Kc6 43. Ra1 Kb5 44. Rb1+ Kc5 45. Ra1 Kb5 46. Rb1+ Kc5 47. Ra1 Kb5 {Accuracy: White = 71%, Black = 43%.} 1/2-1/2

[Event "V Magistral Marcel Duchamp 2019"]
[Site "Montevideo"]
[Date "2019.02.21"]
[Round "6.2"]
[White "Hungaski, Robert"]
[Black "Carbone, Diego"]
[Result "1/2-1/2"]
[WhiteElo "2520"]
[BlackElo "2256"]
[Annotator "TA"]
[PlyCount "88"]
[EventDate "2019.02.17"]
[EventType "tourn"]
[EventCountry "URU"]
[SourceTitle "playchess.com"]
[Source "ChessBase"]
[SourceQuality "1"]

{[%evp 23,88,0,5,0,0,0,0,0,0,0,0,0,29,-33,-26,-44,-58,-61,-44,-73,-6,-16,0,-6,0,0,0,0,0,0,0,-7,-4,-4,-5,-4,-4,-40,-16,-16,0,0,0,0,0,0,0,-8,-8,-8,-8,-8,11,11,11,11,45,0,0,0,0,0,0,0,0,0,22]} 1. e4 e5 2. Nf3 Nc6 3. Bc4 Bc5 4. c3 Nf6 5. d4 exd4 6. e5 d5 7. Bb5 Ne4 8. cxd4 Bb6 9. Nc3 O-O 10. Be3 {C54: Giuoco Piano: 4 c3 Nf6, main lines with 5 d4 and 5 d3} Bf5 (10... Bg4 11. h3 Bh5 12. Qc2 Nxc3 13. bxc3 f6 14. exf6 Qxf6 15. Be2 Rae8 16. O-O Kh8 17. a4 Bg6 {1-0 (41) Jones,G (2682)-Jakovenko,D (2735) St Petersburg 2018}) 11. Qb3 Ne7 12. O-O c6 {LiveBook: 3 Games. aiming for ...Nxc3.} 13. Bd3 {[#]} Nd2 $1 {[%mdl 512]} 14. Nxd2 $146 (14. Bxd2 Bxd3) ({Predecessor:} 14. Bxd2 Bxd3 15. Rfe1 Bg6 16. Bg5 h6 {0-1 (49) Krupa,M (2229)-Matras,A (2219) Wroclaw 2009}) 14... Bxd3 15. Rfe1 Bg6 16. Na4 Nf5 17. Nxb6 Qxb6 18. Qxb6 (18. Qc3 $11) 18... axb6 $15 19. a4 Ra6 20. g4 Nxe3 21. Rxe3 Rfa8 ({Black should play} 21... f6 $17 {And now ...fxe5 would win.} 22. e6 Rfa8) 22. Rea3 $11 h5 23. h3 hxg4 24. hxg4 c5 25. f4 Bc2 {[%cal Rc2a4]} 26. dxc5 bxc5 27. Rc3 Bxa4 {Strongly threatening ...Bc6.} 28. Rxc5 Bc6 29. Rxa6 Rxa6 {[%mdl 4096] Endgame KRB-KRN} 30. b3 Ra2 31. Nf3 d4 32. Nxd4 Rg2+ 33. Kf1 $1 Rxg4 34. Ne2 Bf3 35. Rc4 g5 36. f5 Rxc4 37. bxc4 Bxe2+ (37... Be4 {is more complex.} 38. Ng3 Bd3+ 39. Ke1 Bxc4 40. Ne4 Bd3) 38. Kxe2 {K3P-K3P} f6 39. e6 $1 Kf8 40. c5 Ke8 {The position is equal.} 41. Kf3 Ke7 42. Ke4 Ke8 43. Kd4 Kd8 44. Kd5 Ke7 {Precision: White = 51%, Black = 65%.} 1/2-1/2

[Event "V Magistral Marcel Duchamp 2019"]
[Site "Montevideo"]
[Date "2019.02.21"]
[Round "6.3"]
[White "Lima, Darcy"]
[Black "Gemy, Jose Daniel"]
[Result "1-0"]
[WhiteElo "2535"]
[BlackElo "2391"]
[Annotator "TA"]
[PlyCount "53"]
[EventDate "2019.02.17"]
[EventType "tourn"]
[EventCountry "URU"]
[SourceTitle "playchess.com"]
[Source "ChessBase"]
[SourceQuality "1"]

{[%evp 10,53,0,-4,13,23,13,24,45,16,89,70,89,86,149,139,198,185,302,264,276,265,342,337,419,416,358,352,347,331,523,68,65,70,68,4,1282,1281,1995,1719,29987,29988,29988,29989,29989,795]} 1. e4 e5 2. Nf3 Nc6 3. Nc3 Nf6 4. g3 d5 5. exd5 Nxd5 6. Bg2 Nde7 {C47: Scotch Four Knights and Four Knights with 4 g3} (6... Nxc3 7. bxc3 Bd6 8. O-O O-O 9. Rb1 Rb8 10. d3 Bf5 11. h3 b6 12. Ng5 Qd7 13. g4 Bg6 14. h4 f6 15. h5 Be8 16. Ne4 h6 17. Ng3 {0-1 (45) Chigaev,M (2560)-Kuzubov,Y (2689) Batumi 2018}) 7. O-O g6 8. b4 {[%cal Bb2b4,Bb4b5][%mdl 32]} Bg7 {White has an edge.} 9. Rb1 f5 $146 (9... Nd4 $11) ({Predecessor:} 9... a6 10. a4 O-O 11. Re1 Bf5 12. d3 b5 13. axb5 axb5 14. Nh4 {1-0 (30) Glek,I (2531)-Pisakov,I (2341) Perm 2007}) 10. b5 $16 Nd4 11. Nxd4 exd4 ({Black should play} 11... Qxd4 12. Bb2 Qd6) 12. Ne2 g5 (12... O-O $16) 13. c3 Be6 (13... d3 {might work better.}) 14. Nxd4 Bxd4 15. cxd4 {Threatens to win with Re1.} Bd5 16. Qh5+ Ng6 17. Re1+ Kf7 18. Re5 Bxg2 19. Rxf5+ ({Don't play} 19. Kxg2 Kg7) 19... Ke6 (19... Kg7 $142 20. Kxg2 h6) 20. Qg4 $2 {[#]} ({Inferior is} 20. Kxg2 Kxf5 21. Qf3+ Ke6 $11) (20. Rxg5 $18 Be4 21. Rb3 (21. Re5+ Nxe5 22. Qxe5+ {[%mdl 64] Double Attack} Kd7 $16)) 20... h5 $14 21. Re5+ $1 {[%mdl 1024] White has compensation.} Kf7 22. Qf5+ (22. Qe6+ $14 Kg7 23. Kxg2) 22... Kg7 $2 {[%mdl 8192]} (22... Qf6 $11) 23. Re6 $18 Nf8 24. d5 {Bb2+ would kill now.} Qxd5 25. Bb2+ {[%mdl 64] [#] Skewer. White mates.} Kg8 26. Rg6+ Nxg6 27. Qxg6+ {Accuracy: White = 61%, Black = 25%.} 1-0

[Event "V Magistral Marcel Duchamp 2019"]
[Site "Montevideo"]
[Date "2019.02.21"]
[Round "6.4"]
[White "Roselli Mailhe, Bernardo"]
[Black "Lujan, Carolina"]
[Result "1-0"]
[WhiteElo "2434"]
[BlackElo "2357"]
[Annotator "TA"]
[PlyCount "95"]
[EventDate "2019.02.17"]
[EventType "tourn"]
[EventCountry "URU"]
[SourceTitle "playchess.com"]
[Source "ChessBase"]
[SourceQuality "1"]

{[%evp 13,95,31,41,8,19,12,-5,14,70,0,23,-28,-39,-45,54,7,22,0,39,6,54,0,20,-5,0,-27,0,-10,0,-7,89,60,75,89,81,84,85,83,107,59,91,33,147,141,131,121,121,0,0,0,4,6,6,6,31,-4,25,37,35,0,8,0,306,285,705,685,4790,29954,6087,4718,2470,2144,1749,1710,1319,1018,29985,29986,29986,29987,29987,29988,29992,29993]} 1. d4 Nf6 2. Nf3 g6 3. Nc3 d6 4. e4 Bg7 5. Be3 c6 6. Qd2 b5 7. Bd3 Bg4 8. Bh6 {B08: Pirc Defence: Classical System} (8. e5 b4 9. Ne4 Nd5 10. Bh6 O-O 11. h4 Bxf3 12. gxf3 dxe5 13. h5 Bh8 14. Ng5 Bf6 15. Nxh7 Kxh7 16. hxg6+ Kg8 17. g7 Re8 18. O-O-O {1-0 (18) Fressinet,L (2650)-Almasi,Z (2682) Germany 2018}) 8... Bxh6 9. Qxh6 {White wants to play Ng5.} Bxf3 $1 10. gxf3 {The position is equal.} Qa5 ({Better is} 10... Nbd7 $11) 11. O-O-O ({White should try} 11. O-O $14) 11... b4 12. Nb1 (12. Ne2 $142) 12... Nbd7 $146 ({Predecessor:} 12... Qxa2 13. e5 dxe5 14. dxe5 Nh5 {1-0 (24) Stefanova,A (2410)-Weeramantry,S (2265) Honolulu 1997}) 13. Rhe1 O-O-O (13... Qxa2 $15 14. e5 dxe5 15. dxe5 Nd5) 14. Bc4 d5 15. Bb3 e6 16. Nd2 Qb5 17. Qe3 (17. Re3 $1 $14) 17... a5 {[%cal Ba7a5,Ba5a4][%mdl 32] aiming for ...a4.} 18. c4 (18. a4 $5 {[%cal Ra4b5]} Qb6 19. c4 $11) 18... bxc3 $1 19. Qxc3 Kb7 (19... a4 $5 {[%cal Ra4b3]} 20. Bc2 Kc7 $11) 20. Kb1 a4 21. Bc2 c5 (21... Ra8 $11) 22. dxc5 Rc8 23. Qd4 Qxc5 24. Qxa4 Nb6 25. Qb3 Qxf2 26. exd5 Nfxd5 27. Be4 (27. Ne4 $16 Qxh2 28. Nc3 Nxc3+ 29. bxc3) 27... Rhd8 {[#]} (27... Rc7 $14) 28. Bxd5+ $1 $16 Rxd5 29. Ne4 Qxh2 {[#]} 30. a4 (30. Rc1 $1 $16 {[%cal Rc1c8] Threatens to win with Rxc8.} Rxc1+ 31. Rxc1) 30... Ka7 {Hoping for ...Nc4.} 31. Nc3 Rdc5 32. Rh1 Qf4 $132 {[%mdl 2048] Black is not keeping still} 33. Rxh7 Nd5 (33... Rxc3 $5 34. bxc3 Nd5 35. Rxd5 exd5 36. Qxd5 Rb8+ 37. Kc2 Qxa4+ 38. Kd2 Rb2+ 39. Ke3 Qe8+ 40. Kf4 Qb8+ 41. Ke4 Qe8+ 42. Kf4 Qb8+ 43. Ke4 Qe8+ 44. Kf4 $11) 34. Nxd5 Rxd5 35. Rxd5 exd5 $14 {[%mdl 4096] Endgame KQR-KQR} 36. a5 Rc6 37. Ka2 Qf5 $2 {[%mdl 8192]} (37... Rf6 $11) 38. Rh8 $18 Qe5 $2 (38... Qf4 39. Rd8 (39. Qxd5 Qa4+ 40. Kb1 Qc2+ 41. Ka2 Qa4+ 42. Kb1 Qc2+ 43. Ka2 Qa4+ $11) 39... Qc4) 39. Rd8 {Threatening mate with Rd7+.} Qc7 40. Qxd5 Ka6 41. Qd3+ Kxa5 42. Qa3+ Kb6 43. Ra8 {[%cal Ra3b4]} Kb5 44. Ra4 {[%csl Ga4][%cal Ra3b4]} Rc5 45. Qb3+ {White mates.} Kc6 46. Ra6+ Kd7 47. Qxf7+ {[%mdl 64] Double Attack} Kc8 48. Qe8+ {Accuracy: White = 48%, Black = 38%.} 1-0

[Event "V Magistral Marcel Duchamp 2019"]
[Site "Montevideo"]
[Date "2019.02.21"]
[Round "6.5"]
[White "Hoffman, Alejandro"]
[Black "Larrea, Manuel"]
[Result "0-1"]
[WhiteElo "2461"]
[BlackElo "2269"]
[Annotator "TA"]
[PlyCount "80"]
[EventDate "2019.02.17"]
[EventType "tourn"]
[EventCountry "URU"]
[SourceTitle "playchess.com"]
[Source "ChessBase"]
[SourceQuality "1"]

{[%evp 22,80,26,6,54,40,37,62,44,47,50,59,37,56,59,74,68,36,45,24,25,52,59,64,75,38,82,84,87,79,93,87,74,76,95,89,107,104,125,117,147,140,138,131,203,141,137,83,147,62,70,77,68,28,47,44,48,68,42,0,0]} 1. d4 Nf6 2. c4 e6 3. Nf3 d5 4. Nc3 c5 5. cxd5 Nxd5 6. e3 cxd4 7. exd4 Be7 8. Bd3 O-O 9. O-O Nc6 10. Re1 Bf6 11. Be4 Nce7 12. h4 b6 {D42: Queen's Gambit Declined: Semi-Tarrasch: 5 cxd5 Nxd5 6 e3 Nc6 7 Bd3} 13. Qd3 g6 14. Bg5 Bxg5 {White is slightly better.} 15. hxg5 Bb7 16. Ne5 Nf5 17. Qd2 f6 18. gxf6 Rxf6 19. Rad1 $146 ({Predecessor:} 19. Rac1 Nd6 20. Bf3 Rf8 {½-½ (38) Ravi,T (2385)-Lada,I (2182) Biel 2000}) 19... Rc8 20. g3 Nxc3 21. bxc3 Bxe4 22. Rxe4 Nd6 23. Ree1 Nc4 24. Qe2 Qd5 25. Ng4 $1 {[%cal Rg4f6]} Rf3 26. Qxe6+ Qxe6 27. Rxe6 h5 28. Nh2 Rxc3 29. Rxg6+ Kf7 30. Rh6 Ra3 31. Rxh5 Rxa2 32. Nf3 {Re1 is the strong threat.} Kg6 (32... Rc6 $16) 33. Rg5+ Kf6 {[#]} 34. g4 (34. Rg4 $142 $1) 34... Nd6 {[#]} (34... Re2 $142) 35. Rd5 (35. Rh5 $1 $16 {aiming for Re1.} Kg7 36. Re1) 35... Ne4 $14 36. Rf5+ Kg7 37. Nh4 {Threatens to win with Re1.} Rcc2 {[%cal Re4f2]} 38. Re1 Re2 39. Rxe2 Rxe2 40. d5 a5 {[%mdl 32768] Accuracy: White = 52%, Black = 68%. . Loss on time!?} 0-1

[Event "V Magistral Marcel Duchamp 2019"]
[Site "Montevideo"]
[Date "2019.02.22"]
[Round "7.1"]
[White "Larrea, Manuel"]
[Black "Tristan, Leonardo"]
[Result "0-1"]
[WhiteElo "2269"]
[BlackElo "2493"]
[Annotator "ChessBase"]
[PlyCount "52"]
[EventDate "2019.02.17"]
[EventType "tourn"]
[EventCountry "URU"]
[SourceTitle "playchess.com"]
[Source "ChessBase"]
[SourceQuality "1"]
[TimeControl "5400+30"]

1. e4 {[%emt 0:00:00]} e5 {[%emt 0:04:13]} 2. Nf3 {[%emt 0:00:00]} Nc6 {[%emt 0:00:12]} 3. Bc4 {[%emt 0:00:00]} Bc5 {[%emt 0:00:07]} 4. c3 {[%emt 0:00:01]} Nf6 {[%emt 0:00:16]} 5. d3 {[%emt 0:00:15]} d6 {[%emt 0:01:11]} 6. a4 {[%emt 0:00:51]} a5 {[%emt 0:00:07]} 7. O-O {[%emt 0:05:55]} h6 {[%emt 0:03:11]} 8. Na3 {[%emt 0:05:23]} O-O {[%emt 0:02:32]} 9. Nc2 {[%emt 0:00:05]} Be6 {[%emt 0:06:39]} 10. Bxe6 {[%emt 0:14:36]} fxe6 {[%emt 0:00:18]} 11. Be3 {[%emt 0:03:46]} Bxe3 {[%emt 0:01:04]} 12. Nxe3 {[%emt 0:02:05]} d5 {[%emt 0:06:53]} 13. Qb3 {[%emt 0:08:36]} Qd7 {[%emt 0:02:58]} 14. Rad1 {[%emt 0:03:11]} Kh8 {[%emt 0:03:19]} 15. exd5 {[%emt 0:02:17]} exd5 {[%emt 0:00:04]} 16. d4 {[%emt 0:00:16]} exd4 {[%emt 0:00:12]} 17. Nxd4 {[%emt 0:00:10]} Nxd4 {[%emt 0:00:05]} 18. Rxd4 {[%emt 0:00:23]} c6 {[%emt 0:00:04]} 19. Rfd1 {[%emt 0:13:03]} Qf7 {[%emt 0:01:44]} 20. Rf4 {[%emt 0:00:56]} Qc7 {[%emt 0:00:41]} 21. Rf3 {[%emt 0:14:09]} Ne4 {[%emt 0:01:00]} 22. Rxf8+ {[%emt 0:01:26]} Rxf8 {[%emt 0:00:06]} 23. f3 {[%emt 0:01:29]} Nc5 {[%emt 0:00:53]} 24. Qa3 {[%emt 0:06:27]} Qb6 {[%emt 0:00:07]} 25. Kf2 {[%emt 0:10:53]} Re8 {[%emt 0:10:56]} 26. b4 {[%emt 0:03:18]} Na6 {[%emt 0:07:19]} 0-1

[Event "V Magistral Marcel Duchamp 2019"]
[Site "Montevideo"]
[Date "2019.02.22"]
[Round "7.2"]
[White "Lujan, Carolina"]
[Black "Hoffman, Alejandro"]
[Result "1/2-1/2"]
[WhiteElo "2357"]
[BlackElo "2461"]
[Annotator "ChessBase"]
[PlyCount "84"]
[EventDate "2019.02.17"]
[EventType "tourn"]
[EventCountry "URU"]
[SourceTitle "playchess.com"]
[Source "ChessBase"]
[SourceQuality "1"]
[TimeControl "5400+30"]

1. e4 {[%emt 0:00:00]} c5 {[%emt 0:00:34]} 2. Nf3 {[%emt 0:00:00]} d6 {[%emt 0:00:07]} 3. d4 cxd4 {[%emt 0:00:08]} 4. Nxd4 {[%emt 0:00:00]} Nf6 {[%emt 0:00:06]} 5. Nc3 {[%emt 0:00:00]} g6 {[%emt 0:00:07]} 6. Be2 {[%emt 0:01:10]} Bg7 {[%emt 0:00:48]} 7. Be3 {[%emt 0:00:38]} O-O {[%emt 0:00:15]} 8. Qd2 {[%emt 0:00:18]} Nc6 {[%emt 0:00:22]} 9. O-O-O {[%emt 0:00:24]} Nxd4 {[%emt 0:03:33]} 10. Bxd4 {[%emt 0:00:25]} Be6 {[%emt 0:00:50]} 11. h4 {[%emt 0:08:34]} Qa5 {[%emt 0:12:47]} 12. Qg5 Qxg5+ {[%emt 0:03:59]} 13. hxg5 {[%emt 0:04:07]} Nd7 {[%emt 0:00:07]} 14. f4 {[%emt 0:13:57]} Bxd4 {[%emt 0:08:35]} 15. Rxd4 {[%emt 0:00:06]} f6 {[%emt 0:00:38]} 16. gxf6 {[%emt 0:07:26]} Rxf6 {[%emt 0:00:24]} 17. g3 {[%emt 0:09:43]} g5 {[%emt 0:00:09]} 18. Bc4 {[%emt 0:05:19]} gxf4 {[%emt 0:08:23]} 19. Bxe6+ {[%emt 0:01:19]} Rxe6 {[%emt 0:00:03]} 20. gxf4 {[%emt 0:00:13]} Rf8 {[%emt 0:00:23]} 21. Nd5 {[%emt 0:08:55]} Nf6 {[%emt 0:04:07]} 22. Nxf6+ {[%emt 0:00:53]} Rfxf6 {[%emt 0:00:11]} 23. f5 {[%emt 0:02:18]} Re5 {[%emt 0:00:06]} 24. Rh4 {[%emt 0:02:11]} Kg7 {[%emt 0:01:43]} 25. Rg4+ {[%emt 0:00:39]} Kf7 {[%emt 0:00:54]} 26. Rh4 {[%emt 0:00:12]} h6 {[%emt 0:00:08]} 27. c4 {[%emt 0:05:48]} Rc5 {[%emt 0:02:29]} 28. b3 {[%emt 0:00:25]} Rc8 {[%emt 0:01:04]} 29. Rd2 {[%emt 0:05:49]} b5 {[%emt 0:02:46]} 30. Rc2 {[%emt 0:00:03]} Rc5 {[%emt 0:01:40]} 31. Kb2 {[%emt 0:04:28]} a5 {[%emt 0:01:08]} 32. Kc3 {[%emt 0:02:06]} bxc4 {[%emt 0:03:22]} 33. bxc4 {[%emt 0:01:17]} e6 {[%emt 0:00:23]} 34. Rf2 {[%emt 0:03:02]} exf5 {[%emt 0:00:16]} 35. Rxf5 {[%emt 0:00:38]} Rfxf5 {[%emt 0:00:31]} 36. exf5 {[%emt 0:00:04]} d5 {[%emt 0:00:08]} 37. Rxh6 {[%emt 0:00:35]} Rxc4+ {[%emt 0:00:07]} 38. Kd3 {[%emt 0:01:48]} Ra4 {[%emt 0:00:09]} 39. Rd6 {[%emt 0:01:07]} Ra3+ {[%emt 0:00:06]} 40. Kd4 {[%emt 0:00:18]} Rxa2 {[%emt 0:00:07]} 41. Rxd5 {[%emt 0:00:32]} Rd2+ {[%emt 0:00:06]} 42. Kc4 {[%emt 0:00:07]} Rxd5 {[%emt 0:00:06]} 1/2-1/2